Podnikatelia, pripravte sa na prediktívne softvéry
Podnikové softvéry a aplikácie s umelou inteligenciou.
Gespeichert in:
| 1. Verfasser: | |
|---|---|
| Format: | Buchkapitel |
| Sprache: | Slowakisch |
| Schlagworte: | |
| Tags: |
Keine Tags, Fügen Sie das erste Tag hinzu!
|
MARC
| LEADER | 00000naa a2200000 4500 | ||
|---|---|---|---|
| 001 | 0241373 | ||
| 005 | 20180322074102.4 | ||
| 041 | 0 | |a slo | |
| 044 | |a SK | ||
| 245 | 1 | 0 | |a Podnikatelia, pripravte sa na prediktívne softvéry |c Patrik Škulavík |
| 520 | |a Podnikové softvéry a aplikácie s umelou inteligenciou. | ||
| 610 | 2 | 0 | |a inteligencia umelá |
| 610 | 2 | 0 | |a aplikácie mobilné |
| 610 | 2 | 0 | |a podnik |
| 610 | 2 | 0 | |a technológie informačné |
| 610 | 2 | 0 | |a technológie komunikačné |
| 610 | 2 | 0 | |a technológie nové |
| 610 | 2 | 0 | |a technológie znalostné |
| 610 | 2 | 0 | |a digitalizácia |
| 610 | 2 | 0 | |a podnikatelia |
| 100 | 1 | |a Škulavík, Patrik | |